The Pacific Coast jays of the genus Aphelocoma.

Bibliographic Details
Main Author: Swarth, Harry Schelwald, 1878-
Format: Book
Language:English
Published: Berkeley : University of California press, 1918.
Series:University of California publications in zoology ; v. 17, no. 13.
Subjects:

MARC

Tag First Indicator Second Indicator Subfields
LEADER 00000cam a2200000 i 4500
001 in00000023296
005 20151007064351.0
008 770615s1918 caua b 00000 eng d
035 |a (OCoLC)03043359 
035 |9 AAD9675AM 
040 |a VTU  |c VTU  |d TXA  |d UtOrBLW 
049 |a TXAM  |c [850306] 
090 |a QL1  |b .C15 v. 17, no. 13 
100 1 |a Swarth, Harry Schelwald,  |d 1878- 
245 1 4 |a The Pacific Coast jays of the genus Aphelocoma. 
264 1 |a Berkeley :  |b University of California press,  |c 1918. 
300 |a [405]-422 pages ;  |c 27 cm. 
336 |a text  |b txt  |2 rdacontent 
337 |a unmediated  |b n  |2 rdamedia 
338 |a volume  |b nc  |2 rdacarrier 
490 1 |a University of California publications in zoology, v.17, no.13 
500 |a Contribution from the Museum of Vertebrate Zoology of the University of California. 
504 |a "Literature cited": page 422. 
650 0 |a Aphelocoma. 
830 0 |a University of California publications in zoology ;  |v v. 17, no. 13. 
999 |a MARS 
999 f f |s bd4870d4-fac6-3bd8-b43a-d6612081449b  |i 132fee52-ad32-3c07-a909-6d3133a8edf8  |t 0 
952 f f |p normal  |a Texas A&M University  |b College Station  |c Sterling C. Evans Library  |d Evans: Library Stacks  |t 0  |e QL1 .C15 v. 17, no.1-9,11-18  |h Library of Congress classification  |i unmediated -- volume  |m A14804907861 
952 f f |a Texas A&M University  |b College Station  |c Sterling C. Evans Library  |d Evans: Library Stacks  |t 0  |e QL1 .C15 v. 17, no.1-9,11-18  |h Library of Congress classification 
998 f f |a QL1 .C15 v. 17, no.1-9,11-18  |t 0  |l Evans: Library Stacks